00801nam a2200229Ia 4500008004100000020001700041040001400058082001900072100003900091245002500130250001000155260005700165300001900222365003000241366000800271505001000279530003900289620016700328630002500495650002600520730002500546100315s9999 xx 000 0 und d a1845370988  cENGLISH  b11203 a658  a"Flanangan, Neil, Finger, Jarvis " aThe Management Bible a1st  aLondon bNew Holland Publishers(UK) Ltd.  c2005  a"xvi, 623p  " ePounds d80 b1999.20  f0  gDBH  bBG (Continental Book Suppliers)   a"Managing Yourself, Managing carer, Relationship, Communicating, essential skills , planning, managing conflict, Crisis , Marketing, Organisation - wide Issues " aThe Management Bible aBusiness Management  aThe Management Bible